| 000 | 01179nam2a22002411 4500 | ||
|---|---|---|---|
| 001 | rc\290030 | ||
| 005 | 20250621063727.0 | ||
| 035 | _a(NLR Aleph) 005629110 | ||
| 090 |
_a6559637 _c6559637 |
||
| 100 | _a20030307d1990 |||y0rusy50 ca | ||
| 101 | 0 | _arus | |
| 102 | _aRU | ||
| 105 | _aa ||||||||| | ||
| 200 | 0 | _aТ. 1 | |
| 210 |
_d1990 _aБ. м. |
||
| 215 |
_a279, [2] с. _cил. |
||
| 320 | _aБиблиогр. в конце докл. | ||
| 461 | 0 |
_1001rc\290029 _12001#$aБетоны на основе золы и шлака ТЭС и комплексное их использование в строительстве$eВсесоюз. науч.-техн. конф.$eСб. докл.$fПод общ. ред. С.И. Павленко$vТ. 1 _96559630 _cНовокузнецк _d1990- _fПод общ. ред. С.И. Павленко _nБ. и. _oВсесоюз. науч.-техн. конф. : Сб. докл. _tБетоны на основе золы и шлака ТЭС и комплексное их использование в строительстве _vТ. 1 |
|
| 801 | 0 |
_aRU _bNLR _gpsbo |
|
| 801 | 1 |
_aRU _bELAR _2rusmarc |
|
| 852 |
_aNLR _j90-3/10536 |
||
| 942 | _cBOOK | ||
| 980 | _aNB | ||